[Event "Tbilisi Municipality Cup"]
[Site "?"]
[Date "2009.06.20"]
[Round "6.25"]
[White "Simoniam Tigran"]
[Black "Purtseladze Maka"]
[Result "0-1"]
[WhiteElo "2247"]
[BlackElo "2327"]
[PlyCount "118"]
[EventDate "2009.??.??"]
[SourceDate "2009.06.20"]

1. d4 Nf6 2. c4 e6 3. Nf3 Bb4+ 4. Bd2 Qe7 5. g3 Nc6 6. Bg2 O-O 7. O-O Bxd2 8.
Qxd2 d5 9. Qc2 Rd8 10. Nc3 dxc4 11. Rad1 Nb4 12. Qc1 Nd7 13. a3 Nd5 14. e4 Nxc3
15. Qxc3 b5 16. Qa5 Bb7 17. Rfe1 Nf6 18. Qxb5 Bxe4 19. Qxc4 Bd5 20. Qc1 Qd6 21.
Ne5 Bxg2 22. Kxg2 Rdb8 23. Kg1 Rb3 24. Nc6 a5 25. Re5 Nd5 26. Re2 Nc3 27. bxc3
Qxc6 28. c4 Qf3 29. Re3 Rxe3 30. fxe3 Rb8 31. d5 h5 32. Qd2 exd5 33. Rf1 Qe4
34. Qxd5 Qxe3+ 35. Kh1 Qe6 36. Qxh5 Qxc4 37. Qf3 Re8 38. Qf5 c6 39. Rf4 Qa2 40.
Rf2 Qd5+ 41. Qxd5 cxd5 42. Rd2 Re3 43. Rxd5 Rxa3 44. Rd7 Ra2 45. Ra7 a4 46. g4
a3 47. Kg1 Kf8 48. Kh1 Ke8 49. Kg1 g5 50. Kh1 Kd8 51. Kg1 Kc8 52. h3 Kb8 53.
Ra5 Kb7 54. Kh1 Kb6 55. Ra8 Kc5 56. Rc8+ Kd4 57. Rd8+ Ke4 58. Re8+ Kf4 59. Re7
Rb2 0-1

[Event "Tbilisi Municipality Cup"]
[Site "?"]
[Date "2009.06.20"]
[Round "6.26"]
[White "Mamedjarova Zeinab"]
[Black "Qalagishvili Pridon"]
[Result "1-0"]
[WhiteElo "2316"]
[BlackElo "2170"]
[PlyCount "89"]
[EventDate "2009.??.??"]
[SourceDate "2009.06.20"]

1. d4 c5 2. e3 Nf6 3. Nf3 e6 4. Bd3 d6 5. O-O Nbd7 6. b3 cxd4 7. exd4 Be7 8. c4
O-O 9. Nc3 a6 10. Re1 b6 11. Bc2 Bb7 12. Qd3 Re8 13. Bg5 Nf8 14. a4 Rc8 15. a5
bxa5 16. Ra2 Ng6 17. Rea1 d5 18. c5 Ne4 19. Bxe7 Qxe7 20. Ne2 e5 21. Rxa5 exd4
22. Qxd4 Nxc5 23. Ng3 Ne6 24. Qb2 Ngf4 25. Nf5 Qc7 26. Bd1 d4 27. h4 Qc3 28.
Qxc3 dxc3 29. Nd6 Bxf3 30. Bxf3 c2 31. Nxe8 Rxe8 32. Bd1 Nd4 33. Bxc2 Nxc2 34.
R1a4 Nd3 35. Rxa6 Re1+ 36. Kh2 h5 37. Rc4 Ncb4 38. Ra8+ Kh7 39. Rb8 Na2 40. Kg3
Re2 41. Rb5 f6 42. Rc7 Re4 43. Rxh5+ Kg6 44. Rd5 Ndc1 45. Ra7 1-0

[Event "Tbilisi Municipality Cup"]
[Site "?"]
[Date "2009.06.20"]
[Round "6.27"]
[White "Maghalashvili Davit"]
[Black "Janiashvili Irakli"]
[Result "1-0"]
[WhiteElo "2490"]
[BlackElo "2208"]
[PlyCount "85"]
[EventDate "2009.??.??"]
[SourceDate "2009.06.20"]

1. d4 Nf6 2. c4 e6 3. Nc3 d5 4. cxd5 exd5 5. Bg5 Be7 6. e3 c6 7. Bd3 Nbd7 8.
Nf3 Ne4 9. Bf4 f5 10. O-O O-O 11. h3 Kh8 12. Bh2 Bd6 13. Bxd6 Nxd6 14. Qc2 a6
15. Na4 Ne4 16. b4 Qe7 17. Nc5 Ndf6 18. Ne5 Nd6 19. a4 Bd7 20. Rab1 Rac8 21.
Rfc1 Be6 22. Qe2 Nf7 23. f4 Nxe5 24. fxe5 Ne4 25. Bxe4 dxe4 26. b5 axb5 27.
axb5 Bd5 28. b6 f4 29. exf4 Rxf4 30. Rf1 Rcf8 31. Rxf4 Rxf4 32. Rf1 g5 33. Rxf4
gxf4 34. Qg4 Qf8 35. Qg5 e3 36. Qf6+ Kg8 37. Qxf8+ Kxf8 38. Nxb7 Ke7 39. Nc5
Kd8 40. e6 Kc8 41. e7 Bf7 42. Ne4 Kd7 43. Nf6+ 1-0

[Event "Tbilisi Municipality Cup"]
[Site "?"]
[Date "2009.06.20"]
[Round "6.28"]
[White "Gaprindashvili Valeriane"]
[Black "Vakhania Alexandra"]
[Result "1-0"]
[WhiteElo "2453"]
[BlackElo "2150"]
[PlyCount "65"]
[EventDate "2009.??.??"]
[SourceDate "2009.06.20"]

1. d4 d5 2. c4 e6 3. Nc3 f5 4. e3 Nf6 5. Bd3 c6 6. Nge2 Bd6 7. f3 O-O 8. O-O
Nbd7 9. Qc2 dxc4 10. Bxc4 Nb6 11. Bb3 Kh8 12. e4 e5 13. dxe5 Bxe5 14. exf5 Nfd5
15. g4 Qh4 16. Ng3 h5 17. Qe2 Re8 18. Nge4 hxg4 19. fxg4 Nf6 20. Bf4 Nbd5 21.
Bxe5 Rxe5 22. Rae1 Nxg4 23. Qd2 Bd7 24. Ng5 Be8 25. Nf3 Qe7 26. Nxe5 Nxe5 27.
Bxd5 cxd5 28. Qe3 Bc6 29. Qxe5 Qc5+ 30. Qe3 d4 31. Qf2 Qd6 32. Re4 Rd8 33. f6
1-0

[Event "Tbilisi Municipality Cup"]
[Site "?"]
[Date "2009.06.20"]
[Round "6.29"]
[White "Nikolashvili Giorgi"]
[Black "Khurtsidze Nino"]
[Result "0-1"]
[WhiteElo "2198"]
[BlackElo "2424"]
[PlyCount "92"]
[EventDate "2009.??.??"]
[SourceDate "2009.06.20"]

1. d4 Nf6 2. c4 e6 3. Nc3 Bb4 4. e3 O-O 5. Nge2 Re8 6. a3 Bf8 7. Nf4 d5 8. cxd5
exd5 9. Bd3 a5 10. O-O c6 11. f3 Na6 12. Bc2 b5 13. Re1 Rb8 14. Nce2 c5 15.
dxc5 Nxc5 16. Nd4 Qb6 17. b3 Ne6 18. Bb2 Bd6 19. Qd2 Nxf4 20. exf4 Bd7 21. Kh1
Rxe1+ 22. Rxe1 Re8 23. Rxe8+ Bxe8 24. Nf5 Bf8 25. Bd4 Qc6 26. Qd3 g6 27. Qc3
Qxc3 28. Bxc3 gxf5 29. Bxf6 Bxa3 30. Bxf5 Bc1 31. g3 a4 32. bxa4 bxa4 33. Kg2
Be3 34. Bd3 a3 35. Ba1 Ba4 36. Kf1 Bd1 37. Kg2 h6 38. h4 h5 39. f5 d4 40. Kf1
Bxf3 41. Be2 Bxe2+ 42. Kxe2 Kf8 43. Kd3 Ke7 44. Ke4 Kf6 45. g4 hxg4 46. h5 Kg5
0-1

[Event "Tbilisi Municipality Cup"]
[Site "?"]
[Date "2009.06.20"]
[Round "6.30"]
[White "Bregadze Levan"]
[Black "Tovmasian Vardges"]
[Result "0-1"]
[WhiteElo "2420"]
[BlackElo "2195"]
[PlyCount "120"]
[EventDate "2009.??.??"]
[SourceDate "2009.06.20"]

1. c4 Nf6 2. Nc3 c6 3. e4 e5 4. Nf3 d6 5. g3 Nbd7 6. Bg2 Be7 7. O-O O-O 8. d4
Qc7 9. h3 a5 10. Be3 Re8 11. Rc1 exd4 12. Nxd4 Bf8 13. Qc2 Nc5 14. Rcd1 b6 15.
Nxc6 Bb7 16. e5 dxe5 17. Nb5 Qc8 18. Nd6 Bxd6 19. Rxd6 Qc7 20. Rfd1 e4 21. Rxf6
gxf6 22. Nd4 Rad8 23. Qe2 Bc8 24. Nb5 Qe7 25. Nc3 Rxd1+ 26. Qxd1 Bb7 27. Qg4+
Kh8 28. Qh4 Qe5 29. Kh2 Nd3 30. Nd5 Re6 31. Bd4 Qf5 32. Nc7 Re5 33. Qh6 Kg8 34.
Qe3 Re7 35. Nb5 Bc6 36. Nd6 Qg5 37. Nc8 Rb7 38. Nd6 Qxe3 39. fxe3 Re7 40. Nf5
Re6 41. b3 Bb7 42. g4 Nc1 43. c5 bxc5 44. Bxc5 Nxa2 45. Bf1 Ba6 46. Bg2 Bd3 47.
Kg3 Nc3 48. Kh4 Ne2 49. Nh6+ Kg7 50. Nf5+ Kh8 51. Nd6 Nc1 52. b4 Nb3 53. Nxf7+
Kg7 54. Nd8 Re8 55. Nb7 a4 56. Nd6 Re5 57. Bd4 a3 58. Bxe5 fxe5 59. b5 a2 60.
b6 Nc5 0-1

[Event "Tbilisi Municipality Cup"]
[Site "?"]
[Date "2009.06.21"]
[Round "7.1"]
[White "Jobava Baadur"]
[Black "Pantsulaia Levan"]
[Result "1-0"]
[WhiteElo "2687"]
[BlackElo "2581"]
[PlyCount "65"]
[EventDate "2009.??.??"]
[SourceDate "2009.06.21"]

1. e4 c5 2. Nf3 e6 3. d4 cxd4 4. Nxd4 a6 5. Nc3 b5 6. Bd3 Qb6 7. Nce2 Bb7 8.
O-O Nf6 9. Be3 Ng4 10. Qd2 Nxe3 11. Qxe3 Nc6 12. c3 Be7 13. Rad1 Ne5 14. f4
Nxd3 15. Qxd3 g6 16. Kh1 O-O 17. f5 e5 18. Nc2 d5 19. exd5 Rad8 20. Qe4 Qc5 21.
f6 Rxd5 22. Rxd5 Bxd5 23. Qe3 Bxa2 24. fxe7 Qxe7 25. Ra1 Bd5 26. Nf4 Bb3 27.
Nd4 Bc4 28. Nc6 Qc7 29. Qc5 Rc8 30. Rxa6 exf4 31. Ne7+ Kf8 32. Nxg6+ Kg7 33.
Qd4+ 1-0

[Event "Tbilisi Municipality Cup"]
[Site "?"]
[Date "2009.06.21"]
[Round "7.2"]
[White "Arutinian David"]
[Black "Pashikian Arman"]
[Result "1-0"]
[WhiteElo "2548"]
[BlackElo "2655"]
[PlyCount "119"]
[EventDate "2009.??.??"]
[SourceDate "2009.06.21"]

1. d4 Nf6 2. c4 g6 3. Nc3 d5 4. cxd5 Nxd5 5. e4 Nxc3 6. bxc3 Bg7 7. Nf3 c5 8.
Be3 Qa5 9. Bd2 O-O 10. Be2 Rd8 11. O-O Bg4 12. Rb1 cxd4 13. cxd4 Qxa2 14. Ra1
Qb2 15. Rb1 Qa2 16. Ra1 Qb2 17. Rb1 Qa3 18. d5 a5 19. Rxb7 Nd7 20. Qb1 Ne5 21.
Be3 Rdc8 22. Rc1 Nd7 23. Rc6 Rcb8 24. h3 Bxf3 25. gxf3 Rd8 26. Rcc7 Qd6 27. f4
a4 28. Rc6 Qa3 29. e5 Rab8 30. Kg2 Rxb7 31. Qxb7 Nf8 32. Rc7 Qa2 33. Bf3 Qb3
34. Rxe7 Qxb7 35. Rxb7 g5 36. fxg5 Ng6 37. Ra7 Nh4+ 38. Kg3 Nf5+ 39. Kf4 Nxe3
40. fxe3 Re8 41. Bh5 Bxe5+ 42. Kf3 Rf8 43. Rxa4 Rc8 44. Ke4 Bd6 45. Ra6 Be7 46.
Kf5 Rc1 47. h4 Bc5 48. e4 Re1 49. Ke5 Rh1 50. Rf6 Rxh4 51. Bxf7+ Kg7 52. Be6
Be3 53. Rf7+ Kg6 54. Rf8 Bxg5 55. d6 Rh5 56. Rg8+ Kh6 57. Bg4 Rh2 58. d7 Rd2
59. Rxg5 Kxg5 60. Be6 1-0

[Event "Tbilisi Municipality Cup"]
[Site "?"]
[Date "2009.06.21"]
[Round "7.3"]
[White "Kobalia Mikhail"]
[Black "Petrosian David G"]
[Result "1/2-1/2"]
[WhiteElo "2645"]
[BlackElo "2490"]
[PlyCount "151"]
[EventDate "2009.??.??"]
[SourceDate "2009.06.21"]

1. e4 e6 2. d4 d5 3. Nd2 Nf6 4. e5 Nfd7 5. Bd3 c5 6. c3 Nc6 7. Ne2 cxd4 8. cxd4
f6 9. Nf4 Nxd4 10. Qh5+ Ke7 11. exf6+ Nxf6 12. Ng6+ hxg6 13. Qxh8 Kf7 14. Qh4
e5 15. Nf3 Nxf3+ 16. gxf3 Bf5 17. Bxf5 gxf5 18. Bg5 Qa5+ 19. Kf1 g6 20. Qh8 Nd7
21. h4 Re8 22. Qh7+ Bg7 23. Bh6 Rg8 24. h5 Qa6+ 25. Ke1 Nf8 26. hxg6+ Qxg6 27.
Qxg6+ Nxg6 28. Bxg7 Rxg7 29. Rc1 Kf6 30. Rc8 e4 31. Rd8 Nf4 32. Kd2 Ke5 33. Rh4
Nd3 34. fxe4 dxe4 35. f3 Rg2+ 36. Kc3 Rg3 37. Re8+ Kd5 38. fxe4+ fxe4 39. Rh5+
Kc6 40. Rh6+ Kb5 41. a3 Nc5+ 42. Kc2 Rg2+ 43. Kb1 a5 44. Rh5 Kc4 45. b3+ Nxb3
46. Rxe4+ Nd4 47. Rhh4 Rg1+ 48. Kb2 Rg2+ 49. Kc1 Rg1+ 50. Kd2 Rg2+ 51. Ke1 Rg1+
52. Kf2 Rd1 53. a4 Kc3 54. Re3+ Rd3 55. Rh7 Rxe3 56. Kxe3 Nc2+ 57. Ke4 Kb3 58.
Rxb7+ Kxa4 59. Kd3 Na3 60. Kd4 Nb5+ 61. Kc5 Nc3 62. Kc4 Ne4 63. Rd7 Ka3 64. Rd4
Nf6 65. Rf4 Nd7 66. Rf5 a4 67. Kc3 Nb6 68. Rc5 Ka2 69. Kb4 Kb2 70. Rh5 Kc2 71.
Rh2+ Kd3 72. Kc5 Nc4 73. Rh4 Ne3 74. Rxa4 Kc3 75. Ra8 Nc4 76. Re8 1/2-1/2

[Event "Tbilisi Municipality Cup"]
[Site "?"]
[Date "2009.06.21"]
[Round "7.4"]
[White "Javakhishvili Lela"]
[Black "Gagunashvili Merab"]
[Result "0-1"]
[WhiteElo "2463"]
[BlackElo "2591"]
[PlyCount "74"]
[EventDate "2009.??.??"]
[SourceDate "2009.06.21"]

1. c4 g6 2. d4 d6 3. Nc3 Bg7 4. Nf3 Bg4 5. e3 Nf6 6. Be2 O-O 7. O-O Re8 8. h3
Bf5 9. d5 Ne4 10. Nxe4 Bxe4 11. Ng5 Bf5 12. e4 Bc8 13. f4 h6 14. Nf3 e6 15.
dxe6 Bxe6 16. Bd3 Nc6 17. f5 gxf5 18. exf5 Bd7 19. Bd2 a5 20. Kh1 Nb4 21. f6
Qxf6 22. Bh7+ Kh8 23. Ng5 Qxb2 24. Rb1 Qd4 25. Rxb4 axb4 26. Bb1 f5 27. Bxf5
Bxf5 28. Rxf5 Rxa2 29. Nf7+ Kh7 30. Qh5 Ra1+ 31. Kh2 Qg1+ 32. Kg3 Ra3+ 33. Rf3
Rxf3+ 34. Qxf3 Qd4 35. Ng5+ Kh8 36. Nf7+ Kg8 37. Bxh6 Qc3 0-1

[Event "Tbilisi Municipality Cup"]
[Site "?"]
[Date "2009.06.21"]
[Round "7.5"]
[White "Mchedlishvili Mikheil"]
[Black "Shanava Konstantine"]
[Result "1-0"]
[WhiteElo "2586"]
[BlackElo "2506"]
[PlyCount "89"]
[EventDate "2009.??.??"]
[SourceDate "2009.06.21"]

1. d4 g6 2. c4 Bg7 3. g3 c5 4. d5 d6 5. Bg2 Nd7 6. Nf3 b5 7. cxb5 Qa5+ 8. Nc3
a6 9. bxa6 Bxa6 10. Bd2 Ngf6 11. O-O O-O 12. Qc2 Rfb8 13. b3 Ne8 14. Rab1 Nc7
15. a4 Qb6 16. Rfd1 Rb7 17. Be1 Qa7 18. e4 Rab8 19. Na2 Nb6 20. h4 Ra8 21. h5
Bb5 22. a5 Nd7 23. b4 cxb4 24. Nxb4 Na6 25. Nc6 Bxc6 26. dxc6 Rc7 27. e5 Nxe5
28. Nd4 Qc5 29. Qe2 e6 30. Rb6 Qc4 31. Qxc4 Nxc4 32. Nb5 Rcc8 33. Nxd6 Nxd6 34.
Rxd6 Be5 35. Rd7 Nc5 36. Rd1 Bc7 37. Rb5 Na6 38. Rb7 Nc5 39. Bb4 Na6 40. Bc3
gxh5 41. Rd7 h6 42. Bf1 Bd8 43. Rxf7 Rc7 44. Rfxc7 Nxc7 45. Be5 1-0

[Event "Tbilisi Municipality Cup"]
[Site "?"]
[Date "2009.06.21"]
[Round "7.6"]
[White "Benidze Davit"]
[Black "Jojua Davit"]
[Result "0-1"]
[WhiteElo "2442"]
[BlackElo "2520"]
[PlyCount "80"]
[EventDate "2009.??.??"]
[SourceDate "2009.06.21"]

1. d4 d5 2. Nf3 Nf6 3. c4 e6 4. g3 Be7 5. Bg2 O-O 6. O-O dxc4 7. Ne5 Nc6 8.
Bxc6 bxc6 9. Nxc6 Qe8 10. Nxe7+ Qxe7 11. Qa4 e5 12. dxe5 Qxe5 13. Qxc4 Be6 14.
Qc2 Bf5 15. Qd2 Bh3 16. Re1 Rad8 17. Qe3 Qd5 18. f3 Ng4 19. Qc3 Rfe8 20. Na3
Qb7 21. Bf4 Qb6+ 22. e3 Qb7 23. e4 Qb6+ 24. Be3 Nxe3 25. Rxe3 Be6 26. Kg2 Rd7
27. Re2 Red8 28. b3 Rd1 29. Rxd1 Rxd1 30. Re1 Rxe1 31. Qxe1 Qa6 32. Nb1 Qxa2+
33. Nd2 Bxb3 34. Qf2 Be6 35. Qd4 h6 36. f4 f5 37. exf5 Bxf5 38. Kf3 Qe6 39.
Qxa7 Bg4+ 40. Kg2 Qd5+ 0-1

[Event "Tbilisi Municipality Cup"]
[Site "?"]
[Date "2009.06.21"]
[Round "7.7"]
[White "Sanikidze Tornike"]
[Black "Azaladze Shota"]
[Result "1-0"]
[WhiteElo "2559"]
[BlackElo "2434"]
[PlyCount "77"]
[EventDate "2009.??.??"]
[SourceDate "2009.06.21"]

1. d4 Nf6 2. c4 c5 3. d5 e6 4. Nf3 exd5 5. cxd5 d6 6. h3 g6 7. e4 Bg7 8. Bd3
O-O 9. O-O Re8 10. Re1 Nbd7 11. Nc3 a6 12. a4 Ne5 13. Nxe5 Rxe5 14. Bf4 Re8 15.
Qd2 Qc7 16. a5 Bd7 17. Bh2 b5 18. axb6 Qxb6 19. e5 dxe5 20. Bxe5 Ne4 21. Rxe4
Rxe5 22. Rxe5 Bxe5 23. Re1 Bd4 24. Re2 Bb5 25. Bxb5 axb5 26. Ne4 Rd8 27. Qh6
Bg7 28. Qg5 h6 29. Qd2 c4 30. d6 Qc6 31. Qa5 Re8 32. Qc7 Qa8 33. d7 Rd8 34. g3
Kh7 35. Nd6 Qf3 36. Qxd8 Qxe2 37. Qe8 Qd1+ 38. Kh2 Qd4 39. Ne4 1-0

[Event "Tbilisi Municipality Cup"]
[Site "?"]
[Date "2009.06.21"]
[Round "7.8"]
[White "Neverov Valeriy"]
[Black "Mamedjarova Zeinab"]
[Result "1-0"]
[WhiteElo "2552"]
[BlackElo "2316"]
[PlyCount "58"]
[EventDate "2009.??.??"]
[SourceDate "2009.06.21"]

1. Nf3 f5 2. d4 g6 3. b3 Bg7 4. Bb2 Nf6 5. Nbd2 O-O 6. g3 b6 7. Bg2 Bb7 8. O-O
Ne4 9. Ng5 Nd6 10. Bxb7 Nxb7 11. e4 e5 12. Ndf3 fxe4 13. Nxe4 d5 14. Nc3 exd4
15. Nxd4 Qd7 16. Re1 Nd8 17. f4 c5 18. Nf3 d4 19. Ne4 Nbc6 20. a3 Nf7 21. Qd3
Rfe8 22. Re2 Re7 23. Rae1 Rae8 24. Bc1 Qd5 25. Nf2 Nh6 26. h4 Kf8 27. g4 Nf7
28. c4 Qd8 29. b4 Nd6 1-0

[Event "Tbilisi Municipality Cup"]
[Site "?"]
[Date "2009.06.21"]
[Round "7.9"]
[White "Dzagnidze Nana"]
[Black "Charkhalashvili Inga"]
[Result "1-0"]
[WhiteElo "2541"]
[BlackElo "2363"]
[PlyCount "83"]
[EventDate "2009.??.??"]
[SourceDate "2009.06.21"]

1. d4 Nf6 2. c4 e6 3. Nf3 b6 4. Nc3 Bb7 5. Bg5 Be7 6. e3 Ne4 7. Bxe7 Qxe7 8.
Rc1 O-O 9. Bd3 f5 10. O-O c5 11. Bxe4 fxe4 12. Nd2 cxd4 13. exd4 d5 14. cxd5
exd5 15. Qb3 Qf7 16. Nb5 Nc6 17. f3 exf3 18. Nxf3 Qd7 19. Qa3 Rf6 20. Ng5 Raf8
21. Rxf6 Rxf6 22. Qd3 g6 23. Nf3 Rf8 24. h3 Re8 25. Nc3 Kg7 26. a3 Qd6 27. Qd2
Ba6 28. Re1 Rxe1+ 29. Qxe1 Qe7 30. Qd2 Bc4 31. Kf2 b5 32. Nd1 b4 33. axb4 Nxb4
34. Ne5 Qf6+ 35. Kg3 Nc6 36. Nxc6 Qxc6 37. Qf4 Bd3 38. Ne3 Be4 39. Ng4 h5 40.
Qe5+ Kg8 41. Qb8+ Kg7 42. Qxa7+ 1-0

[Event "Tbilisi Municipality Cup"]
[Site "?"]
[Date "2009.06.21"]
[Round "7.10"]
[White "Melia Salome"]
[Black "Babujian Levon"]
[Result "0-1"]
[WhiteElo "2440"]
[BlackElo "2506"]
[PlyCount "112"]
[EventDate "2009.??.??"]
[SourceDate "2009.06.21"]

1. e4 c5 2. Nf3 Nc6 3. d4 cxd4 4. Nxd4 g6 5. Nc3 Bg7 6. Be3 Nf6 7. Bc4 O-O 8.
Bb3 Ng4 9. Qxg4 Nxd4 10. Qh4 a5 11. Nd5 a4 12. Nxe7+ Kh8 13. Bxf7 Qa5+ 14. Bd2
Qh5 15. Qxh5 gxh5 16. Bd5 Nxc2+ 17. Ke2 Nxa1 18. Rxa1 a3 19. Bc3 axb2 20. Bxg7+
Kxg7 21. Rb1 Kf6 22. Nf5 Ra5 23. Nd4 Re8 24. Kd2 Ra4 25. Kc3 d6 26. Rxb2 Re7
27. Rb6 Rc7+ 28. Kd3 Ra3+ 29. Kd2 Ra6 30. Rb2 h4 31. Ke3 Ra3+ 32. Kd2 Ra6 33.
Ke3 h3 34. g3 Ra3+ 35. Kd2 Ra6 36. Rb1 Bd7 37. f3 Ra3 38. Rb2 Ke5 39. Rb4 Ra4
40. f4+ Kf6 41. Rxa4 Bxa4 42. Be6 Bd7 43. Bb3 h6 44. Ne2 Be6 45. Nc3 Bxb3 46.
axb3 Ke6 47. b4 Rc8 48. Nd5 Rg8 49. f5+ Kf7 50. Ke3 Rxg3+ 51. Kf2 Rg2+ 52. Kf3
Rxh2 53. Kg3 Re2 54. Kxh3 Rxe4 55. b5 Re5 56. Nc3 Re3+ 0-1

[Event "Tbilisi Municipality Cup"]
[Site "?"]
[Date "2009.06.21"]
[Round "7.11"]
[White "Jamagidze Mikheil"]
[Black "Harutjunyan Gevorg"]
[Result "1-0"]
[WhiteElo "2263"]
[BlackElo "2504"]
[PlyCount "113"]
[EventDate "2009.??.??"]
[SourceDate "2009.06.21"]

1. e4 c6 2. d3 d5 3. Nd2 Nf6 4. Ngf3 Bg4 5. h3 Bxf3 6. Qxf3 e6 7. Qe2 g6 8. g3
Bg7 9. Bg2 O-O 10. O-O Nbd7 11. Nf3 Qb6 12. e5 Ne8 13. c3 Nc7 14. Bf4 a5 15. h4
c5 16. Rfe1 a4 17. a3 Qa6 18. Qd2 b5 19. Bh6 Rab8 20. Rac1 Qc8 21. h5 Rb6 22.
Bxg7 Kxg7 23. Nh2 h6 24. Ng4 Rh8 25. Qf4 Qd8 26. d4 Na6 27. Re3 Qg5 28. Qxg5
hxg5 29. h6+ Kf8 30. Rf1 cxd4 31. cxd4 Nab8 32. f4 gxf4 33. Rxf4 Ke7 34. Ref3
Rh7 35. Rc3 Nc6 36. Bf1 g5 37. Rf2 b4 38. axb4 Kd8 39. Rd2 Ne7 40. b5 Nf5 41.
Bd3 Rh8 42. Rf2 Nxd4 43. Rxf7 Nxb5 44. Bxb5 Rxb5 45. Rg7 d4 46. Rf3 Rd5 47. h7
Kc7 48. Nf6 Kc6 49. Nxd5 exd5 50. Rf6+ Nxf6 51. exf6 d3 52. Kf2 d4 53. f7 Rb8
54. Ke1 a3 55. bxa3 Kd5 56. Rg8 Rb1+ 57. Kd2 1-0

[Event "Tbilisi Municipality Cup"]
[Site "?"]
[Date "2009.06.21"]
[Round "7.12"]
[White "Margvelashvili Giorgi"]
[Black "Shalamberidze Akaki"]
[Result "1-0"]
[WhiteElo "2491"]
[BlackElo "2381"]
[PlyCount "49"]
[EventDate "2009.??.??"]
[SourceDate "2009.06.21"]

1. Nf3 d5 2. c4 dxc4 3. e3 Nf6 4. Bxc4 e6 5. O-O c5 6. d4 a6 7. Qe2 Nc6 8. Rd1
Qc7 9. Nc3 b5 10. Bd3 Bb7 11. Bd2 c4 12. Bb1 Rd8 13. a4 b4 14. Ne4 Na5 15.
Nxf6+ gxf6 16. Bc2 Be7 17. Rac1 Rc8 18. e4 Bc6 19. d5 Bd7 20. e5 fxe5 21. Nxe5
exd5 22. Bf4 Qb7 23. Nxd7 Qxd7 24. Qe5 Rg8 25. Bf5 1-0

[Event "Tbilisi Municipality Cup"]
[Site "?"]
[Date "2009.06.21"]
[Round "7.13"]
[White "Nigalidze Gaioz"]
[Black "Zeynalov Farid"]
[Result "0-1"]
[WhiteElo "2466"]
[BlackElo "2299"]
[PlyCount "134"]
[EventDate "2009.??.??"]
[SourceDate "2009.06.21"]

1. Nf3 d5 2. d4 Nf6 3. c4 dxc4 4. e3 e6 5. Bxc4 c5 6. O-O a6 7. Qe2 Nc6 8. Rd1
Qc7 9. Nc3 Bd6 10. h3 O-O 11. a3 b6 12. Bd2 Bb7 13. Rac1 h6 14. Bd3 cxd4 15.
exd4 Bf4 16. Ne4 Nd5 17. Bb1 Bxd2 18. Qxd2 Qf4 19. Qd3 Rfd8 20. g3 Qc7 21. Qe2
Rac8 22. Kh2 Qb8 23. Ned2 Nf6 24. Ne4 Nd5 25. Bd3 a5 26. Bb5 Nde7 27. Nc3 Ba8
28. Ba6 Rc7 29. Bd3 Rcd7 30. Nb5 Nf5 31. Bxf5 exf5 32. Rc4 Qb7 33. Rd3 Ne7 34.
a4 Kf8 35. Qf1 Ng6 36. d5 Rxd5 37. Rxd5 Qxd5 38. Rd4 Qxf3 39. Rxd8+ Ke7 40. Rd2
Kf8 41. Nd4 Ne5 42. Rc2 Qe4 43. f4 Nf3+ 44. Qxf3 Qxc2+ 45. Nxc2 Bxf3 46. Ne3
Bc6 47. b3 Bd7 48. Nc2 Ke7 49. Kg2 Kd6 50. Kf2 Kc5 51. Ke3 Be6 52. Nd4 Kb4 53.
Kd3 Bxb3 54. Nxf5 Be6 55. Nxg7 Bxh3 56. Ne8 Kxa4 57. Nd6 Kb3 58. Kd2 f5 59. Nb5
a4 60. Kc1 Kb4 61. Nd4 Kc4 62. Nf3 b5 63. Kb2 b4 64. Ne5+ Kb5 65. Nf7 h5 66.
Ne5 Bg2 67. Nf7 a3+ 0-1

[Event "Tbilisi Municipality Cup"]
[Site "?"]
[Date "2009.06.21"]
[Round "7.14"]
[White "Paichadze Luka"]
[Black "Supatashvili Khvicha"]
[Result "0-1"]
[WhiteElo "2410"]
[BlackElo "2464"]
[PlyCount "92"]
[EventDate "2009.??.??"]
[SourceDate "2009.06.21"]

1. f4 d5 2. e3 Nf6 3. Nf3 c5 4. Be2 Nc6 5. b3 g6 6. Bb2 Bg7 7. O-O O-O 8. Ne5
Bd7 9. Bf3 Qc7 10. Na3 Rad8 11. Qe1 a6 12. Qh4 Ne4 13. Nxc6 Bxc6 14. Bxg7 Kxg7
15. Nb1 f5 16. d3 Nf6 17. d4 cxd4 18. exd4 Bb5 19. Re1 Qxc2 20. Rxe7+ Rf7 21.
Qe1 Qd3 22. Rxf7+ Kxf7 23. Qd1 Qe3+ 24. Kh1 Ne4 25. Bxe4 dxe4 26. Qg1 Qxd4 27.
Na3 Bd3 28. Rd1 Qxg1+ 29. Kxg1 Ke7 30. Rc1 b5 31. Kf2 b4 32. Nc4 Bxc4 33. Rxc4
Rd2+ 34. Ke3 Rxg2 35. Rxb4 Rxa2 36. Rb7+ Kf6 37. Rxh7 Rb2 38. Rb7 Rxh2 39. Rb6+
Kg7 40. b4 Ra2 41. Kd4 Kh6 42. b5 axb5 43. Rxb5 Kh5 44. Rb1 Kg4 45. Rd1 Ra3 46.
Ke5 e3 0-1

[Event "Tbilisi Municipality Cup"]
[Site "?"]
[Date "2009.06.21"]
[Round "7.15"]
[White "Purtseladze Maka"]
[Black "Sulashvili Malkhaz"]
[Result "1/2-1/2"]
[WhiteElo "2327"]
[BlackElo "2442"]
[PlyCount "91"]
[EventDate "2009.??.??"]
[SourceDate "2009.06.21"]

1. Nf3 d5 2. g3 Nf6 3. c4 c6 4. b3 Bg4 5. Bg2 Nbd7 6. O-O e6 7. Bb2 Bd6 8. d3
O-O 9. Nbd2 Qe7 10. a3 e5 11. e4 Nc5 12. Qc2 Bxf3 13. Bxf3 dxe4 14. Nxe4 Ne6
15. Nxf6+ Qxf6 16. Bg4 Rad8 17. Bxe6 Qxe6 18. Rae1 Qf5 19. c5 Bc7 20. Re4 Rd5
21. Rfe1 h6 22. Qc4 f6 23. d4 Rf7 24. b4 a6 25. dxe5 Bxe5 26. Bxe5 fxe5 27. f4
exf4 28. Rxf4 Qd7 29. Rxf7 Qxf7 30. Qe4 Qd7 31. Qg6 Rd1 32. Rxd1 Qxd1+ 33. Kg2
Qd5+ 34. Kf2 a5 35. Qg4 Qa2+ 36. Qe2 Qf7+ 37. Kg1 Qd5 38. Qe8+ Kh7 39. Qc8 axb4
40. axb4 Qd4+ 41. Kg2 Qe4+ 42. Kg1 Qe7 43. Kf2 g6 44. g4 Kg7 45. h3 Kf6 46. Kg3
1/2-1/2

[Event "Tbilisi Municipality Cup"]
[Site "?"]
[Date "2009.06.21"]
[Round "7.16"]
[White "Gassanov Assif"]
[Black "Kotanjian Tigran"]
[Result "0-1"]
[WhiteElo "2281"]
[BlackElo "2552"]
[PlyCount "58"]
[EventDate "2009.??.??"]
[SourceDate "2009.06.21"]

1. e4 c5 2. Ne2 Nc6 3. Nbc3 Nf6 4. f4 d5 5. e5 Ng4 6. h3 Nh6 7. g4 e6 8. Bg2
Ng8 9. O-O h5 10. g5 Nge7 11. d3 Nf5 12. Kh2 h4 13. a4 a6 14. Ng1 Bd7 15. Nf3
Be7 16. Qe1 Qc7 17. Nd1 Nb4 18. Qd2 d4 19. c3 Nd5 20. Qc2 Bc6 21. Re1 O-O-O 22.
c4 Nb4 23. Qb3 f6 24. exf6 gxf6 25. Rxe6 fxg5 26. Re5 Rdf8 27. Nf2 Ne3 28. Bxe3
dxe3 29. Ng4 Rxf4 0-1

[Event "Tbilisi Municipality Cup"]
[Site "?"]
[Date "2009.06.21"]
[Round "7.17"]
[White "Namir Mohammed Ismael"]
[Black "Shengelia David"]
[Result "1-0"]
[WhiteElo "2271"]
[BlackElo "2549"]
[PlyCount "73"]
[EventDate "2009.??.??"]
[SourceDate "2009.06.21"]

1. c4 e6 2. Nc3 d5 3. cxd5 exd5 4. d4 c6 5. Nf3 Bf5 6. Bf4 Qb6 7. Qc1 Nf6 8. e3
Nbd7 9. Be2 h6 10. h3 Be7 11. O-O g5 12. Bg3 Rg8 13. Ne5 Nxe5 14. Bxe5 g4 15.
h4 Nd7 16. Bg3 Be6 17. Rd1 f5 18. Bd3 Nf6 19. Qc2 Ne4 20. Ne2 h5 21. b4 a6 22.
Rab1 Qd8 23. a4 Rc8 24. Qb2 Bxh4 25. b5 axb5 26. axb5 Bxg3 27. fxg3 h4 28. Bxe4
fxe4 29. bxc6 bxc6 30. Qa3 hxg3 31. Nxg3 Qc7 32. Nh5 Rh8 33. Rf1 c5 34. Qa6 Ke7
35. Rb7 Rxh5 36. dxc5 Qxb7 37. Qd6+ 1-0

[Event "Tbilisi Municipality Cup"]
[Site "?"]
[Date "2009.06.21"]
[Round "7.18"]
[White "Kviriashvili Ioseb"]
[Black "Maghalashvili Davit"]
[Result "1/2-1/2"]
[WhiteElo "2258"]
[BlackElo "2490"]
[PlyCount "118"]
[EventDate "2009.??.??"]
[SourceDate "2009.06.21"]

1. e4 c5 2. c3 d5 3. exd5 Qxd5 4. d4 Nf6 5. Nf3 Bg4 6. Be2 e6 7. h3 Bh5 8. O-O
Nc6 9. Be3 cxd4 10. Nxd4 Bxe2 11. Qxe2 Nxd4 12. Bxd4 Be7 13. Rd1 Qc6 14. Nd2
O-O 15. Nf3 b5 16. Ne5 Qb7 17. Ng4 Ne8 18. a4 b4 19. Qb5 Rb8 20. Ne5 Qc7 21.
Qa6 bxc3 22. bxc3 Bf6 23. Nd7 Qxd7 24. Bxf6 Qb7 25. Qxb7 Rxb7 26. Bd4 Nf6 27.
a5 Rc7 28. a6 Ne4 29. Ra3 f6 30. Re1 Nc5 31. Bxc5 Rxc5 32. Rxe6 Rfc8 33. Re7
Rxc3 34. Rxc3 Rxc3 35. Rxa7 Ra3 36. Kf1 Ra2 37. g3 h5 38. h4 Kh7 39. Ke1 Kg6
40. Kd1 Rxf2 41. Rb7 Ra2 42. a7 Kh6 43. Kc1 g5 44. Kb1 Ra6 45. Kc2 gxh4 46.
gxh4 Kg6 47. Kc3 Kf5 48. Rg7 Ke4 49. Kc4 f5 50. Re7+ Kf3 51. Kb5 Ra1 52. Kb6 f4
53. Re5 Rxa7 54. Kxa7 Kg4 55. Kb6 f3 56. Re8 Kxh4 57. Kc5 f2 58. Rf8 Kg3 59.
Kd4 Kg2 1/2-1/2